Vista normal
Vista MARC
Entrada Personal Name
Número de registros utilizados en: 2
001 - CONTROL NUMBER
- control field: 5336
003 - CONTROL NUMBER IDENTIFIER
- control field: OSt
005 - DATE AND TIME OF LATEST TRANSACTION
- control field: 20180716123819.0
008 - FIXED-LENGTH DATA ELEMENTS
- fixed length control field: 170822 a|ac|n|aab||||||||||||a |n|||||||
010 ## - LIBRARY OF CONGRESS CONTROL NUMBER
- LC control number: ns2014003690
040 ## - CATALOGING SOURCE
- Original cataloging agency: DLC
- Language of cataloging: spa
- Description conventions: rda
- Transcribing agency: Mx-PuUPA
- Modifying agency: DLC
100 1# - HEADING--PERSONAL NAME
- Personal name: Sariñana, Enrique,
375 ## - GENDER
- Gender: hombre
377 ## - ASSOCIATED LANGUAGE
- Language code: spa
400 1# - SEE FROM TRACING--PERSONAL NAME
- Personal name: Sariñana Olavarría, Enrique
400 1# - SEE FROM TRACING--PERSONAL NAME
- Personal name: Olavarría, Enrique Sariñana
670 ## - SOURCE DATA FOUND
- Source citation: Biblioteca del congreso (Estados Unidos), 22 agosto 2017:
- Information found: catálogo electrónico:
- Uniform Resource Identifier: https://goo.gl/iE3mdD
670 ## - SOURCE DATA FOUND
- Source citation: Derecho mercantil, 2009:
- Information found: title page (Enrique Sariñana) page 3 of cover (Enrique Sariñana Olavarría)
670 ## - SOURCE DATA FOUND
- Source citation: Derecho mercantil, 2005:
- Information found: t.p. (Enrique Sariñana Olavarría)